000 00751cab a2200229 4500
001 WB3214-43
008 090401t1996 xxu||||| |||| 00| 0 eng d
035 _a(Sirsi) u64855
041 _aeng
245 _aEnvironmentally-friendly farming
260 _c1996
350 _a0
490 _aMAFF News Release
_v(117/96) 1 April 1996, (3)
520 _aFunding for environmentally-friendly farming is to be nearly doubled under the Countryside Stewardship Scheme, which has been handed over to the Ministry of Agriculture.
650 _aCOUNTRYSIDE STEWARDSHIP SCHEME
650 _aENVIRONMENTALLY-FRIENDLY FARMING
650 _aFUNDING
650 _aWILDLIFE CONSERVATION
690 _aRURAL PRACTICE
942 _n0
948 _c04/03/1997
999 _c40402
_d40402